Tự điển Pháp - Pháp - Việt (khoảng 140.000 từ) Francais - Francais - Vietnamien dictionnaire

Sách cung cấp khoảng 140.000 mục từ được định nghĩa dưới dạng song ngữ Pháp - Pháp - Việt, kèm theo 2.000 hình minh họa và phiên âm quốc tế.

Uloženo v:
Podrobná bibliografie
Hlavní autor: Lê, Phương Thanh
Médium: Kniha
Jazyk:Undetermined
Vydáno: Hà Nội Văn hóa Thông tin 1999
Témata:
Tagy: Přidat tag
Žádné tagy, Buďte první, kdo otaguje tento záznam!
Thư viện lưu trữ: Trung tâm Học liệu Trường Đại học Cần Thơ
LEADER 00865nam a2200229Ia 4500
001 CTU_37489
008 210402s9999 xx 000 0 und d
020 |b 35.000đ 
020 |c 110000 
082 |a 443 
082 |b Th107 
100 |a Lê, Phương Thanh 
245 0 |a Tự điển Pháp - Pháp - Việt (khoảng 140.000 từ) 
245 0 |b Francais - Francais - Vietnamien dictionnaire 
245 0 |c Lê Phương Thanh 
260 |a Hà Nội 
260 |b Văn hóa Thông tin 
260 |c 1999 
520 |a Sách cung cấp khoảng 140.000 mục từ được định nghĩa dưới dạng song ngữ Pháp - Pháp - Việt, kèm theo 2.000 hình minh họa và phiên âm quốc tế. 
650 |a French language 
904 |i Minh 
980 |a Trung tâm Học liệu Trường Đại học Cần Thơ